[Event "Kiel op 30th"]
[Site "Kiel"]
[Date "2017.08.03"]
[Round "8.32"]
[White "Papesch, Dennis"]
[Black "Weisshorn, Lasse"]
[Result "1/2-1/2"]
[WhiteElo "1825"]
[BlackElo "1745"]
[PlyCount "124"]
[EventDate "2017.07.29"]
[EventType "swiss"]
[EventRounds "9"]
[EventCountry "GER"]
[SourceTitle "EXT 2018"]
[Source "ChessBase"]
[SourceDate "2017.10.13"]
[SourceVersion "1"]
[SourceVersionDate "2017.10.13"]
[SourceQuality "1"]

1. d4 d5 2. c4 c6 3. Nf3 Nf6 4. Nc3 dxc4 5. a4 Bf5 6. e3 e6 7. Bxc4 Bb4 8. 0-0 0-0 9. Qe2 Nbd7 10. Rd1 h6 11. Bd3 Qe7 12. h3 Rac8 13. e4 Bh7 14. Bf4 a6 15. Rac1 Rfd8 16. Qc2 Nf8 17. Rb1 c5 18. e5 Nd5 19. Nxd5 Rxd5 20. Bxh7+ Nxh7 21. Bd2 a5 22. Bxb4 axb4 23. dxc5 Rcxc5 24. Qb3 Ra5 25. Rxd5 Rxd5 26. Rd1 Qc5 27. Rxd5 exd5 28. Qd1 Nf8 29. Nd4 Ne6 30. Nxe6 fxe6 31. Qg4 Kf7 32. Qh5+ Ke7 33. Qg4 g5 34. Qe2 Qc4 35. Qd2 Qe4 36. Kf1 b3 37. f3 Qxa4 38. Kg1 b6 39. Qd3 Qb4 40. Qh7+ Ke8 41. Qg8+ Kd7 42. Qf7+ Qe7 43. Qg6 Qf8 44. Qh7+ Kc6 45. Qg6 Qc5+ 46. Kh2 Qe7 47. Qxh6 d4 48. Qg6 Kd5 49. Qe4+ Kc5 50. Qd3 Qc7 51. Qxb3 Qxe5+ 52. Kh1 Qe1+ 53. Kh2 e5 54. Qc2+ Kb5 55. Qd3+ Kb4 56. Qa3+ Kc4 57. Qa6+ b5 58. Qa2+ Kd3 59. Qb3+ Ke2 60. Qc2+ Kf1 61. Qd3+ Qe2 62. Qb1+ Qe1 1/2-1/2

[Event "Kiel op 30th"]
[Site "Kiel"]
[Date "2017.07.30"]
[Round "4"]
[White "Buchholz, Sebastian"]
[Black "Weisshorn, Lasse"]
[Result "1-0"]
[WhiteElo "2134"]
[BlackElo "1745"]
[PlyCount "65"]
[EventDate "2017.07.29"]
[EventType "swiss"]
[EventRounds "9"]
[EventCountry "GER"]
[SourceTitle "EXT 2018"]
[Source "ChessBase"]
[SourceDate "2017.10.13"]
[SourceVersion "1"]
[SourceVersionDate "2017.10.13"]
[SourceQuality "1"]

1. e4 e5 2. Nf3 Nc6 3. Nc3 Nf6 4. d4 exd4 5. Nxd4 Bb4 6. Nxc6 bxc6 7. Bd3 0-0 8. 0-0 d5 9. exd5 cxd5 10. Bg5 c6 11. h3 Be6 12. Qf3 Be7 13. Rad1 Rb8 14. Bc1 Qc7 15. b3 Rfd8 16. Bf4 Bd6 17. Bd2 Qb7 18. Ne2 Qc8 19. Nd4 c5 20. Nf5 Bf8 21. Bg5 c4 22. Bxf6 gxf6 23. bxc4 dxc4 24. Be4 Rb5 25. Rxd8 Qxd8 26. Qh5 Bxf5 27. Bxf5 h6 28. Bh7+ Kxh7 29. Qxb5 Qd4 30. Qf5+ Kh8 31. Re1 Bc5 32. Re8+ Kg7 33. Qg4+ 1-0

[Event "Kiel op 30th"]
[Site "Kiel"]
[Date "2017.07.29"]
[Round "1"]
[White "Jahncke, Giso"]
[Black "Weisshorn, Lasse"]
[Result "1-0"]
[WhiteElo "2340"]
[BlackElo "1745"]
[PlyCount "55"]
[EventDate "2017.07.29"]
[EventType "swiss"]
[EventRounds "9"]
[EventCountry "GER"]
[SourceTitle "EXT 2018"]
[Source "ChessBase"]
[SourceDate "2017.10.13"]
[SourceVersion "1"]
[SourceVersionDate "2017.10.13"]
[SourceQuality "1"]

1. Nf3 Nf6 2. c4 c6 3. Nc3 d5 4. e3 e6 5. d4 Be7 6. Bd3 dxc4 7. Bxc4 b5 8. Bd3 Bb7 9. e4 Nbd7 10. e5 Nd5 11. Ne4 a6 12. 0-0 c5 13. Bg5 f6 14. exf6 N7xf6 15. Nxc5 Bxc5 16. dxc5 0-0 17. Qe2 Qe7 18. Nd4 e5 19. Nf5 Qxc5 20. Qxe5 Rae8 21. Qd6 Qa7 22. Qg3 Ne4 23. Bxe4 Rxe4 24. Be3 Rxf5 25. Bxa7 Nf4 26. Rae1 h6 27. f3 Re2 28. Qxf4 1-0

[Event "Pinneberg-ch"]
[Site "Pinneberg"]
[Date "2016.10.06"]
[Round "6"]
[White "Van Riesen, Klaus"]
[Black "Weisshorn, Lasse"]
[Result "1-0"]
[WhiteElo "1909"]
[BlackElo "1745"]
[PlyCount "95"]
[EventDate "2016.09.01"]
[EventType "swiss"]
[EventRounds "7"]
[EventCountry "GER"]
[SourceTitle "EXT 2018"]
[Source "ChessBase"]
[SourceDate "2017.10.13"]
[SourceVersion "1"]
[SourceVersionDate "2017.10.13"]
[SourceQuality "1"]

1. c4 c5 2. g3 e6 3. Nf3 d5 4. cxd5 exd5 5. d4 Nc6 6. dxc5 Bxc5 7. Bg2 Nf6 8. 0-0 0-0 9. Bg5 Re8 10. Nc3 d4 11. Bxf6 Qxf6 12. Nd5 Qd6 13. Nf4 Bf5 14. a3 Rad8 15. Nd3 Bb6 16. Rc1 Bxd3 17. Qxd3 Qg6 18. Rfe1 Rd6 19. Kf1 Qxd3 20. exd3 Rde6 21. Bh3 Rxe1+ 22. Rxe1 Kf8 23. Rxe8+ Kxe8 24. Bc8 Nd8 25. Ke2 a5 26. Ng5 Bc5 27. Kf3 h6 28. Ne4 Bf8 29. Nd2 a4 30. Ke4 Bc5 31. Nf3 g6 32. Kd5 b6 33. Nxd4 Ke7 34. f4 Ne6 35. Bxe6 fxe6+ 36. Nxe6 Be3 37. Nd4 Bc1 38. Kc6 Bxb2 39. Nb5 Bc1 40. Kxb6 Be3+ 41. Kc6 Bg1 42. h3 Bh2 43. g4 Bxf4 44. d4 h5 45. gxh5 gxh5 46. d5 h4 47. d6+ Kd8 48. Nd4 1-0

[Event "Pinneberg-ch"]
[Site "Pinneberg"]
[Date "2014.??.??"]
[Round "3"]
[White "Weisshorn, Lasse"]
[Black "Metzner, Arne"]
[Result "0-1"]
[WhiteElo "1659"]
[BlackElo "1534"]
[PlyCount "50"]
[EventDate "2014.08.21"]
[EventType "swiss"]
[EventRounds "7"]
[EventCountry "GER"]
[SourceTitle "EXT 2017"]
[Source "ChessBase"]
[SourceDate "2016.10.25"]
[SourceVersion "1"]
[SourceVersionDate "2016.10.25"]
[SourceQuality "1"]

1. e4 e5 2. f4 d6 3. Nf3 Nc6 4. Bc4 h6 5. Nc3 exf4 6. d4 g5 7. h4 g4 8. Ng1 Bg7 9. d5 Ne5 10. Bb5+ Bd7 11. Bxf4 Ng6 12. Bxd7+ Qxd7 13. Bg3 h5 14. Nge2 0-0-0 15. Nd4 Re8 16. 0-0 Nh6 17. Qd2 Kb8 18. Rae1 Qd8 19. Bf2 Nxh4 20. Ncb5 a6 21. Nc6+ bxc6 22. dxc6 Nf3+ 23. gxf3 gxf3 24. Qe3 Bd4 25. Qxd4 Qg5+ 0-1

[Event "Pinneberg-ch"]
[Site "Pinneberg"]
[Date "2014.??.??"]
[Round "1"]
[White "Wulf von Moers, Jens"]
[Black "Weisshorn, Lasse"]
[Result "1-0"]
[WhiteElo "2173"]
[BlackElo "1659"]
[PlyCount "37"]
[EventDate "2014.08.21"]
[EventType "swiss"]
[EventRounds "7"]
[EventCountry "GER"]
[SourceTitle "EXT 2017"]
[Source "ChessBase"]
[SourceDate "2016.10.25"]
[SourceVersion "1"]
[SourceVersionDate "2016.10.25"]
[SourceQuality "1"]

1. e4 e5 2. Nf3 Nc6 3. d4 exd4 4. Nxd4 Nf6 5. Nc3 Bb4 6. Nxc6 bxc6 7. Bd3 d5 8. exd5 cxd5 9. 0-0 0-0 10. Bg5 c6 11. Qf3 Be7 12. Rae1 Be6 13. Qg3 h6 14. Bxh6 Nh5 15. Qf3 gxh6 16. Qxh5 Bg5 17. Rxe6 fxe6 18. Qg6+ Kh8 19. Qh7# 1-0

[Event "Pinneberg-ch"]
[Site "Pinneberg"]
[Date "2013.08.22"]
[Round "3"]
[White "Weisshorn, Lasse"]
[Black "Grothkopp, Dietrich"]
[Result "0-1"]
[WhiteElo "1277"]
[BlackElo "1695"]
[PlyCount "42"]
[EventDate "2013.08.08"]
[EventType "swiss"]
[EventRounds "7"]
[EventCountry "GER"]
[SourceTitle "EXT 2017"]
[Source "ChessBase"]
[SourceDate "2016.10.25"]
[SourceVersion "1"]
[SourceVersionDate "2016.10.25"]
[SourceQuality "1"]

1. e4 c6 2. d4 d5 3. Nc3 dxe4 4. Nxe4 Bf5 5. Ng3 Bg6 6. Nf3 Nf6 7. Ne5 Nbd7 8. Nxg6 hxg6 9. Bd3 e6 10. c4 Qc7 11. 0-0 Bd6 12. Qe2 0-0-0 13. c5 Bf4 14. b4 Rxh2 15. Bxf4 Qxf4 16. Kxh2 Rh8+ 17. Kg1 Qh4 18. f4 Ng4 19. Qxg4 Qxg4 20. Ne4 Qh4 21. Rf3 Qh1+ 0-1

[Event "Hamburg St Pauli op-B"]
[Site "Hamburg"]
[Date "2013.07.09"]
[Round "4"]
[White "Weisshorn, Lasse"]
[Black "Graffenberger, Wilhelm"]
[Result "1-0"]
[WhiteElo "1278"]
[BlackElo "1733"]
[PlyCount "55"]
[EventDate "2013.07.06"]
[EventType "swiss"]
[EventRounds "9"]
[EventCountry "GER"]
[SourceTitle "EXT 2014"]
[Source "ChessBase"]
[SourceDate "2013.11.20"]
[SourceVersion "1"]
[SourceVersionDate "2013.11.20"]
[SourceQuality "1"]

1. e4 c5 2. d4 cxd4 3. c3 Nf6 4. e5 Nd5 5. cxd4 Nc6 6. Bc4 Nb6 7. Bb3 d5 8. Nc3 Bf5 9. Be3 e6 10. Nf3 Be7 11. 0-0 0-0 12. Rc1 f6 13. Qe2 Bg4 14. exf6 Bxf6 15. Rfd1 Bxf3 16. Qxf3 Bxd4 17. Qg4 Bxe3 18. Qxe6+ Kh8 19. Qxe3 d4 20. Qg3 Qf6 21. Ne4 Qf4 22. Nd6 Qf6 23. Nxb7 Rae8 24. Nd6 Nd8 25. Nxe8 Rxe8 26. h3 Nc6 27. Re1 Rd8 28. Re6 1-0

[Event "Pinneberg-ch"]
[Site "Pinneberg"]
[Date "2012.09.27"]
[Round "7"]
[White "Weisshorn, Lasse"]
[Black "Thomas, Andreas"]
[Result "0-1"]
[WhiteElo "1185"]
[BlackElo "1667"]
[PlyCount "94"]
[EventDate "2012.08.16"]
[EventType "swiss"]
[EventRounds "7"]
[EventCountry "GER"]
[SourceTitle "EXT 2013"]
[Source "ChessBase"]
[SourceDate "2012.11.22"]
[SourceVersion "1"]
[SourceVersionDate "2012.11.22"]
[SourceQuality "1"]

1. e4 e5 2. Nf3 Nc6 3. Bc4 Bc5 4. c3 d6 5. d4 exd4 6. cxd4 Bb6 7. 0-0 h6 8. Re1 Bg4 9. Qb3 Qe7 10. d5 Na5 11. Qa4+ Bd7 12. Bb5 c6 13. dxc6 bxc6 14. Bd3 Nb7 15. Bf4 g5 16. Bg3 h5 17. e5 d5 18. h3 h4 19. Bh2 Nc5 20. Qc2 Nxd3 21. Qxd3 Nh6 22. e6 Bxe6 23. Be5 Rg8 24. Qh7 Qf8 25. Nd4 Bxd4 26. Bxd4 0-0-0 27. Bxa7 Bf5 28. Qxg8 Nxg8 29. Bb6 Qb4 30. Bxd8 Qxe1+ 31. Kh2 Kxd8 32. a4 Bxb1 33. a5 Qe5+ 34. Kh1 Bd3 35. Ra3 Ba6 36. b4 Qe1+ 37. Kh2 Qxb4 38. Rf3 Qf4+ 39. Rxf4 gxf4 40. f3 Ke7 41. Kg1 Kd6 42. Kf2 Kc5 43. Ke1 Kd4 44. Kd2 Nf6 45. Ke1 Kc3 46. Kf2 d4 47. Ke1 Nd5 0-1

[Event "Hamburg-chA"]
[Site "Hamburg"]
[Date "2012.06.03"]
[Round "9"]
[White "Seemann, Hans Siegfried"]
[Black "Weisshorn, Lasse"]
[Result "0-1"]
[WhiteElo "1767"]
[BlackElo "931"]
[PlyCount "106"]
[EventDate "2012.05.26"]
[EventType "swiss"]
[EventRounds "9"]
[EventCountry "GER"]
[SourceTitle "CBM 148 Extra"]
[Source "ChessBase"]
[SourceDate "2012.06.22"]
[SourceVersion "1"]
[SourceVersionDate "2012.06.22"]
[SourceQuality "1"]

1. e4 e5 2. Nf3 Nc6 3. Nc3 Nf6 4. d3 Bc5 5. Bg5 h6 6. Bh4 d6 7. Nd5 g5 8. Nxf6+ Qxf6 9. Bg3 Be6 10. c3 0-0-0 11. Nd2 h5 12. f3 h4 13. Bf2 Bxf2+ 14. Kxf2 d5 15. Qe2 g4 16. exd5 Rxd5 17. Ne4 Qf5 18. Qe3 h3 19. Ke2 gxf3+ 20. gxf3 Rdd8 21. Rg1 Qh5 22. Rg3 f5 23. Rxh3 Qg6 24. Rxh8 Rxh8 25. Qg5 Rxh2+ 26. Ke1 Qxg5 27. Nxg5 Bd7 28. Rd1 Rxb2 29. d4 exd4 30. cxd4 Rxa2 31. Bc4 Ra4 32. Be6 Rxd4 33. Rc1 Bxe6 34. Nxe6 Rd6 35. Ng5 Rg6 36. f4 Nd4 37. Kf2 Ne6 38. Nf7 Nxf4 39. Kf3 Nd5 40. Rc5 c6 41. Rc1 b5 42. Ne5 Rf6 43. Nxc6 Kb7 44. Nd4 Kb6 45. Nb3 Rc6 46. Rb1 a5 47. Nd4 Rc3+ 48. Ke2 Nf4+ 49. Ke1 Rc4 50. Nb3 Re4+ 51. Kd2 a4 52. Nc1 Ka5 53. Kc3 Ne2+ 0-1

[Event "Hamburg-chA"]
[Site "Hamburg"]
[Date "2012.05.30"]
[Round "6"]
[White "Stolzenwald, Frank"]
[Black "Weisshorn, Lasse"]
[Result "0-1"]
[WhiteElo "1468"]
[BlackElo "931"]
[PlyCount "94"]
[EventDate "2012.05.26"]
[EventType "swiss"]
[EventRounds "9"]
[EventCountry "GER"]
[SourceTitle "CBM 148 Extra"]
[Source "ChessBase"]
[SourceDate "2012.06.22"]
[SourceVersion "1"]
[SourceVersionDate "2012.06.22"]
[SourceQuality "1"]

1. Nc3 Nc6 2. Nf3 Nf6 3. d4 d5 4. Ne5 Qd6 5. Bf4 Ne4 6. e3 Nxc3 7. bxc3 Nxe5 8. Bxe5 Qc6 9. Qd3 Bd7 10. c4 e6 11. cxd5 exd5 12. c4 Bb4+ 13. Kd1 Qa4+ 14. Qb3 0-0 15. cxd5 Qxb3+ 16. axb3 c6 17. Bc4 b5 18. dxc6 Bxc6 19. Bd3 f6 20. Bg3 Bxg2 21. Rg1 Bc6 22. Ra6 Bb7 23. Ra2 Bd5 24. Ke2 a6 25. Rc2 Rac8 26. Rxc8 Rxc8 27. Ra1 Rc6 28. Rb1 Rc3 29. Ra1 Bb7 30. Rb1 Ba3 31. b4 Bd5 32. Bd6 Bc4 33. Bxc4+ Rxc4 34. Kd3 a5 35. Ra1 axb4 36. Rb1 Kf7 37. Bc5 f5 38. d5 Ke8 39. f3 Rxc5 40. e4 Rc3+ 41. Kd4 Rxf3 42. exf5 Rxf5 43. Kc5 b3+ 44. Kxb5 b2 45. Ka4 Rf3 46. Kb5 Kd7 47. Rg1 Rb3+ 0-1

[Event "Hamburg-chA"]
[Site "Hamburg"]
[Date "2011.10.08"]
[Round "8.9"]
[White "Weisshorn, Lasse"]
[Black "Krause, Volker"]
[Result "1-0"]
[WhiteElo "840"]
[BlackElo "991"]
[PlyCount "59"]
[EventDate "2011.10.09"]
[EventType "swiss"]
[EventRounds "9"]
[EventCountry "GER"]
[SourceTitle "EXT 2012"]
[Source "ChessBase"]
[SourceDate "2011.11.24"]
[SourceVersion "1"]
[SourceVersionDate "2011.11.24"]
[SourceQuality "1"]

1. e4 c5 2. c3 d6 3. d4 cxd4 4. cxd4 Nf6 5. Nc3 Bg4 6. Be2 Bxe2 7. Qxe2 e5 8. d5 Be7 9. Nf3 0-0 10. 0-0 Nbd7 11. Bd2 a5 12. Rac1 Nc5 13. Rc2 a4 14. Re1 Qd7 15. Rec1 Nh5 16. Be3 Nf4 17. Bxf4 exf4 18. Nd4 Bg5 19. f3 Bh4 20. Nf5 Qd8 21. Nb5 Qb6 22. Kf1 Be7 23. Nxe7+ Kh8 24. e5 dxe5 25. Rxc5 Rfe8 26. Qxe5 f6 27. Nd6 h6 28. Nf7+ Kh7 29. Qf5+ g6 30. Qxg6# 1-0

[Event "Hamburg-chA"]
[Site "Hamburg"]
[Date "2011.10.06"]
[Round "6.8"]
[White "Weisshorn, Lasse"]
[Black "Chaichi Tehrani, Fereydoon"]
[Result "0-1"]
[WhiteElo "840"]
[BlackElo "1286"]
[PlyCount "80"]
[EventDate "2011.10.09"]
[EventType "swiss"]
[EventRounds "9"]
[EventCountry "GER"]
[SourceTitle "EXT 2012"]
[Source "ChessBase"]
[SourceDate "2011.11.24"]
[SourceVersion "1"]
[SourceVersionDate "2011.11.24"]
[SourceQuality "1"]

1. e4 e5 2. Nf3 Nc6 3. Nc3 Bb4 4. Bc4 Nf6 5. d3 Bxc3+ 6. bxc3 d5 7. Bb5 dxe4 8. Nxe5 Bd7 9. Nxc6 Bxc6 10. Bc4 exd3 11. Bxd3 Qe7+ 12. Qe2 Qxe2+ 13. Bxe2 0-0-0 14. f3 Rhe8 15. Rb1 Nd5 16. Bd2 Ne3 17. Rb2 Nxg2+ 18. Kf2 Rxd2 19. Kxg2 Rexe2+ 20. Kg3 Rxc2 21. Rxc2 Rxc2 22. Re1 Rxc3 23. Re7 Rxf3+ 24. Kg4 Kd8 25. Re2 Rf1 26. Rd2+ Ke7 27. Kg3 h5 28. Re2+ Kf6 29. h4 Rg1+ 30. Kf2 Rg2+ 31. Ke3 Rxe2+ 32. Kxe2 g5 33. hxg5+ Kxg5 34. Kf2 h4 35. Kg1 f5 36. Kh2 f4 37. Kh3 f3 38. Kh2 f2 39. a4 f1Q 40. a5 Qg2# 0-1